LEADER 01040cam0-2200337---450- 001 990005677150403321 005 20100708123922.0 035 $a000567715 035 $aFED01000567715 035 $a(Aleph)000567715FED01 035 $a000567715 100 $a19990604d1983----km-y0itay50------ba 101 0 $aita 102 $aIT 105 $a--------001ay 200 1 $aViaggio in Italia$fJ. W. Goethe$gtraduzione di Emilio Castellani$gcommento di Herbert von Einem adattato da Emilio Castellani$gprefazione di Roberto Fertonani 210 $aMilano$cMondadori$d1983 215 $aLVIII, 850 p., tav.$d18 cm 225 1 $a<>meridiani 676 $a833.6 700 1$aGoethe,$bJohann Wolfgang von$f<1749-1832> 702 1$aCastellani,$bEmilio$f<1911-1985> 702 1$aEinem,$bHerbert Von 702 1$aFertonani,$bRoberto 801 0$aIT$bUNINA$gRICA$2UNIMARC 901 $aBK 912 $a990005677150403321 952 $a833.6 GOET 2(3)$fFLFBC 959 $aFLFBC 996 $aItalianische Reise$922433 997 $aUNINA